000 00301nam a2200121Ia 4500
008 220204s9999 xx 000 0 und d
082 _a634.774
_bCHA
100 _aChandha, K L
245 0 _aPineapple
260 _aNew Delhi
_bIndian Council of Agricultural Research
_c19
490 _a98
942 _cBK
999 _c41789
_d41789